| 000 | 00673nam a2200229Ia 4500 | ||
|---|---|---|---|
| 008 | 160418s9999 xx 000 0 und d | ||
| 020 | _a971-08-6513-7 | ||
| 050 | _aFIL LB 2369 | ||
| 050 | _b.T45 2004 | ||
| 100 | _aTejero, Erlinda G. | ||
| 245 | _aThesis and dissertation writing: | ||
| 245 | _ba modular approach / | ||
| 245 | _cErlinda G. Tejero; coordinator Gerry C. Cathillar. | ||
| 260 | _aMandaluyong: | ||
| 260 | _bNational Book Store, | ||
| 260 | _c2004 | ||
| 300 | _a250 pages : | ||
| 300 | _billustrations ; | ||
| 300 | _c22 cm. | ||
| 500 | _aIncludes bibliographical references and index. | ||
| 650 | _aDissertations, Academic -- Methodology. | ||
| 999 |
_c293474 _d293474 |
||